MDQL
is popping MORE tags! Check the
thread
!
Quizzes
Events
Quiz Creation
Community
Videos
Private Events
Remove Ads
Sign In
Join for FREE
Feedback
Dark Mode
Quiz Categories
Sports
Geography
Music
Movies
Television
Just For Fun
Miscellaneous
History
Literature
Language
Science
Gaming
Entertainment
Religion
Holiday
For Kids
Quiz Lab
Recent
Popular Today
Quiz Kudos Today
Editor Picks
Curator Picks
Quizzes by...
Day
Popularity
Type
Ratings
Length
Year
Community
Subscriptions
Recent Discussions
Orange Saloon
Badges
Playlists
Quests
Create
Leaderboards
Showdown
Live 5
Trivia Bingo
Activity
Puzzle Library
Sporcle Events
Private Events
Virtual Trivia
Globe League
Become a Host
Pub Owners
SporcleCon
Opinionation
Our Games
Videos
Blog
Mobile Apps
Partnerships
Remove Ads and Go Orange
Feedback
Geography
Country
Landmarks
City
State
Population
World
Capital
Continent
Flags
Europe
Africa
Asia
South America
North America
Oceania
Border
Canada
United Kingdom
Topography
United States
Geography
Country
Landmarks
City
State
Population
World
Capital
Continent
Flags
Europe
Africa
Asia
South America
North America
Oceania
Border
Canada
United Kingdom
Topography
United States
Random Quiz
Search Sporcle
×
Quiz Lab
Quiz Lab
Geography
Country
Type in answers that appear in a list
Type in answers that appear in a list
Classic
Best Score? Go Orange.
10 Largest Cities in 10 Largest Countries Stats
Can you name the 10 Largest Cities in the 10 Largest Countries?
By
120watts
8m
100 Questions
438 Plays
438 Plays
438 Plays
Comments
Comments
Give Quiz Kudos
Give Quiz Kudos
-
- Ratings
hide this ad
More Info
Replay
Link that replays current quiz
Next Quiz
Link to next quiz in quiz playlist
You Got
0%
They Got
Avg Score
58%
Avg Friend Score
Upgrade to see
Score Distribution
Jump to the score distribution portion of the page
Score
0/100
Timer
08:00
0
Plays Today
Country
City
% Correct
China
Beijing
98.2%
China
Shanghai
97.5%
USA
New York
96.8%
USA
Los Angeles
95.7%
USA
Chicago
95.2%
India
Delhi
95%
India
Mumbai
94.7%
USA
Houston
94.1%
Brazil
Rio de Janeiro
94.1%
Indonesia
Jakarta
93.6%
Brazil
Sao Paulo
93.6%
Japan
Tokyo
93.6%
Russia
Moscow
93.2%
USA
Dallas
92%
USA
Philadelphia
91.6%
Nigeria
Lagos
90%
India
Kolkata
89.7%
Russia
St Petersburg
89.7%
Pakistan
Karachi
89.3%
Japan
Osaka
89.3%
Brazil
Brasilia
89%
USA
Phoenix
87.7%
Bangladesh
Dhaka
87.2%
China
Hong Kong
86.5%
Pakistan
Islamabad
86.1%
USA
San Diego
85.4%
China
Guangzhou
84.5%
USA
San Antonio
80.1%
Pakistan
Lahore
79.9%
India
Bangalore
78.3%
Brazil
Belo Horizonte
73.7%
India
Hyderabad
73.1%
Pakistan
Hyderabad
73.1%
India
Chennai
72.8%
Country
City
% Correct
Japan
Kyoto
72.8%
USA
San Jose
72.6%
Japan
Sapporo
67.4%
Brazil
Recife
67.1%
China
Wuhan
66.7%
Japan
Yokohama
66.4%
China
Tianjin
65.3%
Brazil
Salvador
64.8%
Brazil
Porto Alegre
64.2%
China
Shenzhen
63.2%
Bangladesh
Chittagong
63.2%
Japan
Kobe
62.8%
India
Ahmedabad
61.9%
India
Pune
61.6%
Brazil
Manaus
60.7%
Nigeria
Kano
60.3%
Japan
Nagoya
59.1%
Russia
Nizhny Novgorod
58.2%
Russia
Novosibirsk
56.6%
China
Chengdu
56.4%
Brazil
Fortaleza
55.7%
Russia
Kazan
55.5%
China
Nanjing
55.3%
Indonesia
Surabaya
54.8%
Russia
Yekaterinburg
54.3%
Indonesia
Bandung
53.7%
Russia
Rostov-on-Don
51.4%
Russia
Omsk
51.1%
Nigeria
Ibadan
50.2%
Russia
Samara
50.2%
India
Jaipur
49.5%
Pakistan
Faisalabad
48.4%
Nigeria
Port Harcourt
47.5%
Japan
Fukuoka
46.6%
Country
City
% Correct
Brazil
Curitiba
46.1%
Indonesia
Medan
45.7%
India
Surat
44.5%
Nigeria
Benin City
44.5%
Pakistan
Rawalpindi
42.2%
Russia
Chelyabinsk
40%
China
Dongguan
35.6%
Pakistan
Peshawar
34.7%
Indonesia
Palembang
32%
Pakistan
Quetta
29.9%
Nigeria
Kaduna
29.5%
Pakistan
Multan
28.8%
Japan
Kawasaki
25.3%
Indonesia
Makassar
25.1%
Indonesia
Semarang
24.7%
Indonesia
Bekasi
24.2%
Bangladesh
Khulna
23.7%
Japan
Saitama
23.7%
Nigeria
Aba
22.8%
Pakistan
Gujranwala
22.1%
Nigeria
Maiduguri
20.5%
Indonesia
Tangerang
18.3%
Indonesia
Depok
18%
Bangladesh
Sylhet
16.4%
Nigeria
Zaria
15.3%
Nigeria
Ilorin
13.9%
Bangladesh
Rajshahi
13.7%
Bangladesh
Narayanganj
13.2%
Bangladesh
Comilla
11.6%
Bangladesh
Barisal
11.4%
Bangladesh
Rangpur
11.2%
Bangladesh
Mymensingh
9.4%
Quiz Playlist
Details
Report
Send in Message
Add To Playlist
More Info:
Urban areas for China. Source Wikipedia
Classic:
Type in answers that appear in a list
Last Updated: Jul 15, 2017
Quiz Scoreboard
CHALLENGE
Sign Up to Join the Scoreboard
Show All
Scores
Hide
Comments
May contain spoilers
Recently Published
Two Season TV Shows II
by 123Four
Television
10m
Image Sorting: Flags VI
by Barbecue
Geography
2m
Find the 'City' Movie
by crazypaving
Movies
60s
More to Explore
Quiz From the Vault
Featured Blog Post
14 Easter Pick-up Lines to Find Eggs With
hide this ad
You Might Also Like...
Tags
City Quiz
Country Quiz
Population Quiz
biggest
global
largest
major
metro
urban
Today's Top Quizzes in Geography
Browse Geography
hide this ad
Today's Top Quizzes in Country
Browse Country
Top Contributed Quizzes in Geography
1
Colored Red Europe Blitz I
2
Countries of the World - No Outlines Minefield
3
Colored Red Africa Blitz II
4
Colored Red Europe Blitz II
5
Colored Red Europe Blitz III
6
Colored Red Africa Blitz III
7
Colored Red States Blitz I
8
Colored Red States Blitz II
9
Colored Red States Blitz III
10
A Different View: World Oceans
Explore More
Trending Topics
NBA
Crossword
Anime
Harry Potter
Kpop
Marvel
Disney
Soccer
Song
Pokémon
The Office
Country
Puzzle
WWE
NFL
hide this ad
More By:
120watts
Quiz
Plays
Rating
Category
Featured
Created
US Interstate Road Trip
13,114
3.11
Geography
Sep 15, 2012
1960s Batting Leaders
11,768
4.61
Sports
Feb 4, 2012
1960-79 World Series Starters
6,717
4.69
Sports
Jul 21, 2012
1970s Strikeout Leaders
4,755
4.74
Sports
Feb 12, 2013
1970s Batting Leaders
4,578
4.38
Sports
Feb 4, 2012
Go to Creator's Profile
Score Distribution
Quiz Creator Spotlight
120watts
Follow
Send a Message
Quizzes Created
-
Created Quiz Play Count
-
More By This Creator
Popular Quizzes Today
1
Find the US States - No Outlines Minefield
2
Colored Red Africa Blitz
3
Find the 'City' Movie
4
5x2 Blitz: Bands
5
The Countries of the World
6
Find the Countries of Europe - No Outlines Minefield
7
Find the US States
8
US States
More Geography Quizzes
Proud Cities Around the World
Curator's Pick
Trending Quizzes
Colored Red Europe Blitz I
Colored Red Africa Blitz II
Colored Red Europe Blitz II
Colored Red Africa Blitz III
Colored Red Europe Blitz III
Recently Updated
How Do You Spell That?
pecheneg
Godzilla Movies
pecheneg
Grab Bag: 4-10 Letters
pecheneg
2024 March Madness Bracket
pecheneg
Famous TV Couples
Peacemaker
Champions League XIs: Real Madrid
pecheneg
Largest US Cities 1790-2010
pecheneg
Rides in Walt Disney World
pecheneg
Most Oscar Losses (Acting)
pecheneg
Beyoncé Albums
pecheneg
Trending Topics
Disney
Crossword
Marvel
NBA
Harry Potter
Anime
Kpop
Puzzle
Pokémon
WWE
Country
Soccer
The Office
NFL
Song
Your Account Isn't Verified!
In order to create a playlist on Sporcle, you need to verify the email address you used during registration. Go to your
Sporcle Settings
to finish the process.
Report this User
Report this user for behavior that violates our
Community Guidelines
.
Details:
Send Report
Go to the Sporcle.com Mobile Site →
Comments